Samohodnocení dle EFQM modelu vyjímečnosti
Význam samohodnotenia, ktoré je základom neustáleho zlepšovania všetkých činností organizácie podľa modelu EFQM - modelu výnimočnosti. Charakteristika EFQM Model excellence - modelu výnimočnosti. Čo je a čo nie je samohodnotenie. Proces samohodnotenia. Prínosy a skúsenosti s prevádzaním samohodnoten...
Gespeichert in:
| 1. Verfasser: | |
|---|---|
| Format: | Buchkapitel |
| Sprache: | Tschechisch |
| Schlagworte: | |
| Tags: |
Keine Tags, Fügen Sie das erste Tag hinzu!
|
MARC
| LEADER | 00000naa a2200000 4500 | ||
|---|---|---|---|
| 001 | r038152 | ||
| 005 | 20231002065507.6 | ||
| 041 | 0 | |a cze | |
| 044 | |a SK | ||
| 245 | 1 | 0 | |a Samohodnocení dle EFQM modelu vyjímečnosti |c Bernard Kopec |
| 520 | |a Význam samohodnotenia, ktoré je základom neustáleho zlepšovania všetkých činností organizácie podľa modelu EFQM - modelu výnimočnosti. Charakteristika EFQM Model excellence - modelu výnimočnosti. Čo je a čo nie je samohodnotenie. Proces samohodnotenia. Prínosy a skúsenosti s prevádzaním samohodnotenia. | ||
| 610 | 2 | 0 | |a metódy riadenia |
| 610 | 2 | 0 | |a sebahodnotenie |
| 610 | 2 | 0 | |a výkonnosť |
| 610 | 2 | 0 | |a výkony vnútropodnikové |
| 610 | 2 | 0 | |a výkony podnikové |
| 610 | 2 | 0 | |a modely |
| 610 | 2 | 0 | |a model EFQM |
| 610 | 2 | 0 | |a riadenie kvality |
| 100 | 1 | |a Kopec, Bernard | |